[Event "Wolrd Chess Olympiad 2018"]
[Site "Batumi"]
[Date "2018.10.05"]
[Round "11"]
[Board "2"]
[WhiteFideId "21200017"]
[White "Amewounou Komlan Kouessan"]
[BlackFideId "20700113"]
[Black "Mbongeni Mabuza"]
[Result "0-1"]
[LiveChessVersion "1.4.8"]
[BlackElo "1560"]
[WhiteElo "1758"]

1. e4 {[%clk 1:30:55]} c5 {[%clk 1:30:03]} 2. f4 {[%clk 1:27:17]} d6
{[%clk 1:30:10]} 3. Nf3 {[%clk 1:27:38]} Nf6 {[%clk 1:23:52]} 4. Nc3
{[%clk 1:27:42]} e6 {[%clk 1:23:59]} 5. d4 {[%clk 1:24:52]} cxd4 {[%clk 1:23:53]}
6. Nxd4 {[%clk 1:25:19]} a6 {[%clk 1:23:56]} 7. Bd3 {[%clk 1:20:06]} Be7
{[%clk 1:23:34]} 8. O-O {[%clk 1:16:11]} O-O {[%clk 1:23:26]} 9. Be3
{[%clk 1:13:33]} Qc7 {[%clk 1:21:30]} 10. Na4 {[%clk 1:07:29]} b5
{[%clk 1:18:57]} 11. Nc3 {[%clk 1:07:15]} Bb7 {[%clk 1:17:17]} 12. a3
{[%clk 1:07:13]} Nbd7 {[%clk 1:17:25]} 13. Nb3 {[%clk 1:05:11]} Nc5
{[%clk 1:08:16]} 14. Nxc5 {[%clk 0:45:19]} dxc5 {[%clk 1:08:29]} 15. e5
{[%clk 0:45:39]} Nd5 {[%clk 1:05:03]} 16. Rf3 {[%clk 0:45:24]} Nxe3
{[%clk 1:05:16]} 17. Rxe3 {[%clk 0:45:51]} c4 {[%clk 1:05:36]} 18. Bxh7+
{[%clk 0:45:25]} Kxh7 {[%clk 1:05:28]} 19. Rh3+ {[%clk 0:45:44]} Kg8
{[%clk 1:05:40]} 20. Qh5 {[%clk 0:45:28]} Bc5+ {[%clk 1:05:59]} 21. Kh1
{[%clk 0:43:29]} f5 {[%clk 1:03:29]} 22. Qh7+ {[%clk 0:17:20]} Kf7
{[%clk 1:03:50]} 23. Rh6 {[%clk 0:15:33]} Rg8 {[%clk 1:00:06]} 24. Rd1
{[%clk 0:08:48]} Ke7 {[%clk 0:45:49]} 25. Rg6 {[%clk 0:05:00]} Raf8
{[%clk 0:46:08]} 26. Qh4+ {[%clk 0:03:03]} Kf7 {[%clk 0:45:38]} 27. Qh5
{[%clk 0:02:12]} Rh8 {[%clk 0:44:57]} 28. Rh6+ {[%clk 0:02:41]} Ke7
{[%clk 0:42:59]} 29. Rxh8 {[%clk 0:02:57]} Rxh8 {[%clk 0:39:22]} 30. Qxh8
{[%clk 0:03:19]} Kf7 {[%clk 0:39:40]} 31. Qh5+ {[%clk 0:03:42]} Kf8
{[%clk 0:39:46]} 32. Qh8+ {[%clk 0:02:57]} Kf7 {[%clk 0:40:07]} 33. Qh5+
{[%clk 0:02:37]} Kf8 {[%clk 0:39:59]} 34. Qg5 {[%clk 0:03:06]} Be7
{[%clk 0:40:05]} 35. Qg3 {[%clk 0:02:13]} Qc6 {[%clk 0:40:02]} 36. Rd2
{[%clk 0:01:40]} a5 {[%clk 0:40:18]} 37. Ne2 {[%clk 0:02:00]} b4 {[%clk 0:40:22]}
38. axb4 {[%clk 0:02:28]} axb4 {[%clk 0:40:51]} 39. c3 {[%clk 0:02:33]} Qe4
{[%clk 0:41:10]} 40. Qf2 {[%clk 0:32:07]} Bd5 {[%clk 1:10:39]} 41. Ng3
{[%clk 0:29:31]} Qb1+ {[%clk 1:10:26]} 42. Qg1 {[%clk 0:30:00]} Qa2
{[%clk 1:10:38]} 43. Rd1 {[%clk 0:26:20]} Qxb2 {[%clk 1:10:51]} 44. Nxf5
{[%clk 0:25:31]} Qxc3 {[%clk 1:10:39]} 45. Rc1 {[%clk 0:20:36]} Qd2
{[%clk 1:10:14]} 46. Rd1 {[%clk 0:19:06]} Bxg2+ {[%clk 1:10:37]} 47. Qxg2
{[%clk 0:18:38]} 0-1

[Event "Wolrd Chess Olympiad 2018"]
[Site "Batumi"]
[Date "2018.10.05"]
[Round "11"]
[Board "3"]
[WhiteFideId "20700253"]
[White "Nxumalo Vuyo"]
[BlackFideId "21200025"]
[Black "Botsoe Koffi"]
[Result "1-0"]
[LiveChessVersion "1.4.8"]
[BlackElo "1680"]
[WhiteElo "1525"]

1. e4 {[%clk 1:30:36]} d5 {[%clk 1:30:32]} 2. exd5 {[%clk 1:30:28]} Qxd5
{[%clk 1:30:54]} 3. Nf3 {[%clk 1:30:53]} Nf6 {[%clk 1:30:44]} 4. Nc3
{[%clk 1:30:52]} Qa5 {[%clk 1:30:56]} 5. Bc4 {[%clk 1:30:23]} Bg4
{[%clk 1:31:06]} 6. h3 {[%clk 1:28:55]} Bh5 {[%clk 1:27:52]} 7. Qe2
{[%clk 1:27:54]} e6 {[%clk 1:25:34]} 8. d3 {[%clk 1:27:45]} c6 {[%clk 1:25:37]}
9. Bd2 {[%clk 1:26:04]} Qc7 {[%clk 1:25:21]} 10. g4 {[%clk 1:24:43]} Bg6
{[%clk 1:22:22]} 11. Ne5 {[%clk 1:15:37]} a5 {[%clk 1:18:34]} 12. a4
{[%clk 1:15:22]} Bb4 {[%clk 1:18:37]} 13. f4 {[%clk 1:13:34]} h6 {[%clk 1:18:42]}
14. Nxg6 {[%clk 1:13:44]} fxg6 {[%clk 1:17:26]} 15. Qxe6+ {[%clk 1:13:48]} Kd8
{[%clk 1:15:11]} 16. O-O-O {[%clk 1:10:23]} Rf8 {[%clk 1:12:20]} 17. g5
{[%clk 1:09:02]} Nh5 {[%clk 1:09:04]} 18. Rhf1 {[%clk 1:07:16]} Qd6
{[%clk 1:01:32]} 19. f5 {[%clk 1:00:11]} Ng3 {[%clk 0:58:32]} 20. Rfe1
{[%clk 0:54:53]} Nxf5 {[%clk 0:58:36]} 21. gxh6 {[%clk 0:54:16]} gxh6
{[%clk 0:58:13]} 22. Ne4 {[%clk 0:53:12]} Bxd2+ {[%clk 0:57:28]} 23. Rxd2
{[%clk 0:53:27]} Qxe6 {[%clk 0:56:57]} 24. Bxe6 {[%clk 0:53:08]} Nd4
{[%clk 0:56:49]} 25. Bg4 {[%clk 0:52:50]} h5 {[%clk 0:55:02]} 26. Bd1
{[%clk 0:52:34]} Kc7 {[%clk 0:54:31]} 27. Rg2 {[%clk 0:47:45]} Nd7
{[%clk 0:49:16]} 28. Rxg6 {[%clk 0:47:40]} Ne5 {[%clk 0:43:30]} 29. Rg7+
{[%clk 0:45:58]} Kb6 {[%clk 0:38:57]} 30. Nd6 {[%clk 0:45:20]} Nef3
{[%clk 0:38:28]} 31. Ree7 {[%clk 0:44:39]} Nh4 {[%clk 0:34:58]} 32. Rxb7+
{[%clk 0:44:15]} Kc5 {[%clk 0:35:12]} 33. Ne4+ {[%clk 0:43:51]} Kd5
{[%clk 0:35:02]} 34. Rbd7+ {[%clk 0:44:01]} Ke5 {[%clk 0:34:26]} 35. Rge7+
{[%clk 0:39:02]} Kf4 {[%clk 0:31:40]} 36. Rxd4 {[%clk 0:38:31]} Nf5
{[%clk 0:32:00]} 37. Rdd7 {[%clk 0:36:43]} Nxe7 {[%clk 0:31:47]} 38. Rxe7
{[%clk 0:37:05]} h4 {[%clk 0:31:14]} 39. Kd2 {[%clk 0:37:08]} Rg8
{[%clk 0:25:47]} 40. Bg4 {[%clk 1:00:08]} Raf8 {[%clk 0:50:35]} 41. Rc7
{[%clk 1:00:20]} Rg6 {[%clk 0:47:14]} 42. Rh7 {[%clk 1:00:22]} Rxg4
{[%clk 0:47:19]} 43. hxg4 {[%clk 1:00:30]} Kxg4 {[%clk 0:47:31]} 44. Ke2
{[%clk 1:00:20]} Rf4 {[%clk 0:45:39]} 45. b3 {[%clk 0:58:54]} c5 {[%clk 0:44:00]}
46. Rg7+ {[%clk 0:58:45]} Kh3 {[%clk 0:41:15]} 47. Nf2+ {[%clk 0:56:49]} Kh2
{[%clk 0:41:28]} 48. Rg4 {[%clk 0:56:23]} Rd4 {[%clk 0:40:58]} 49. Kf3
{[%clk 0:53:37]} Rxg4 {[%clk 0:40:15]} 50. Nxg4+ {[%clk 0:53:48]} Kh1
{[%clk 0:40:00]} 51. c3 {[%clk 0:53:47]} h3 {[%clk 0:40:19]} 52. d4
{[%clk 0:53:58]} Kg1 {[%clk 0:38:56]} 53. d5 {[%clk 0:54:00]} h2 {[%clk 0:39:06]}
54. Nxh2 {[%clk 0:54:24]} c4 {[%clk 0:39:26]} 55. bxc4 {[%clk 0:54:31]} 1-0

[Event "Wolrd Chess Olympiad 2018"]
[Site "Batumi"]
[Date "2018.10.05"]
[Round "11"]
[Board "4"]
[WhiteFideId "21200254"]
[White "Numatsi Yawotsu Dzigba"]
[BlackFideId "20700784"]
[Black "Sihlongonyane Sikhanyiso"]
[Result "1/2-1/2"]
[LiveChessVersion "1.4.8"]
[BlackElo "1408"]
[WhiteElo "1661"]

1. e4 {[%clk 1:30:59]} c5 {[%clk 1:30:24]} 2. Nf3 {[%clk 1:31:23]} d6
{[%clk 1:30:48]} 3. d4 {[%clk 1:31:32]} cxd4 {[%clk 1:31:13]} 4. Nxd4
{[%clk 1:31:57]} Nf6 {[%clk 1:31:36]} 5. Nc3 {[%clk 1:32:21]} a6 {[%clk 1:32:02]}
6. f4 {[%clk 1:27:28]} b5 {[%clk 1:27:19]} 7. a3 {[%clk 1:27:56]} Bb7
{[%clk 1:27:38]} 8. Bd3 {[%clk 1:21:05]} e6 {[%clk 1:27:04]} 9. O-O
{[%clk 1:20:58]} Be7 {[%clk 1:27:04]} 10. Be3 {[%clk 1:21:05]} O-O
{[%clk 1:25:57]} 11. Qf3 {[%clk 1:19:41]} Qc7 {[%clk 1:25:58]} 12. g4
{[%clk 1:16:00]} e5 {[%clk 1:23:45]} 13. Nf5 {[%clk 1:08:45]} Qd7
{[%clk 1:15:25]} 14. g5 {[%clk 1:00:56]} Ne8 {[%clk 1:12:49]} 15. Rf2
{[%clk 0:49:13]} Qxf5 {[%clk 1:07:35]} 16. exf5 {[%clk 0:48:50]} Bxf3
{[%clk 1:04:50]} 17. Rxf3 {[%clk 0:49:15]} Nc6 {[%clk 0:57:18]} 18. Rh3
{[%clk 0:40:09]} g6 {[%clk 0:49:44]} 19. Nd5 {[%clk 0:35:35]} Bd8
{[%clk 0:46:41]} 20. c4 {[%clk 0:30:44]} bxc4 {[%clk 0:46:25]} 21. Bxc4
{[%clk 0:31:09]} gxf5 {[%clk 0:45:30]} 22. Bb6 {[%clk 0:27:47]} Bxb6+
{[%clk 0:34:36]} 23. Nxb6 {[%clk 0:28:15]} Ra7 {[%clk 0:34:53]} 24. b4
{[%clk 0:21:36]} Ng7 {[%clk 0:26:15]} 25. Nd5 {[%clk 0:20:53]} Ne8
{[%clk 0:25:54]} 26. Nb6 {[%clk 0:21:08]} Ng7 {[%clk 0:26:14]} 1/2-1/2

[Event "Wolrd Chess Olympiad 2018"]
[Site "Batumi"]
[Date "2018.10.05"]
[Round "11"]
[Board "1"]
[WhiteFideId "22400079"]
[White "Dabuae David"]
[BlackFideId "21300020"]
[Black "Klaas Tokelo"]
[Result "0-1"]
[LiveChessVersion "1.4.8"]
[BlackElo "1827"]
[WhiteElo "1723"]

1. e4 {[%clk 1:30:57]} c5 {[%clk 1:29:42]} 2. Nf3 {[%clk 1:31:24]} e6
{[%clk 1:29:28]} 3. d4 {[%clk 1:31:53]} cxd4 {[%clk 1:29:46]} 4. Nxd4
{[%clk 1:32:23]} Nf6 {[%clk 1:29:59]} 5. Nc3 {[%clk 1:32:51]} d6 {[%clk 1:28:45]}
6. Bc4 {[%clk 1:33:08]} Be7 {[%clk 1:28:44]} 7. Bb3 {[%clk 1:28:55]} O-O
{[%clk 1:25:44]} 8. O-O {[%clk 1:22:14]} a6 {[%clk 1:26:01]} 9. Be3
{[%clk 1:19:21]} Qc7 {[%clk 1:26:18]} 10. h3 {[%clk 1:19:36]} b5 {[%clk 1:25:34]}
11. a3 {[%clk 1:20:05]} Nc6 {[%clk 1:25:54]} 12. f4 {[%clk 1:16:47]} Na5
{[%clk 1:24:44]} 13. Qf3 {[%clk 1:14:36]} Nc4 {[%clk 1:21:19]} 14. Bxc4
{[%clk 1:15:02]} bxc4 {[%clk 1:21:29]} 15. g4 {[%clk 1:15:04]} Rb8
{[%clk 1:19:50]} 16. Rab1 {[%clk 1:13:38]} Nd7 {[%clk 1:19:07]} 17. Qg3
{[%clk 1:11:35]} Nc5 {[%clk 1:17:23]} 18. f5 {[%clk 1:09:54]} Bb7
{[%clk 1:16:23]} 19. f6 {[%clk 1:04:02]} gxf6 {[%clk 1:09:58]} 20. Bh6
{[%clk 0:46:44]} Nxe4 {[%clk 1:07:03]} 21. Nxe4 {[%clk 0:45:10]} Bxe4
{[%clk 1:07:03]} 22. Qh4 {[%clk 0:38:47]} Qc5 {[%clk 1:04:24]} 23. Be3
{[%clk 0:38:51]} Qe5 {[%clk 1:03:23]} 24. Qf2 {[%clk 0:38:56]} Ba8
{[%clk 1:01:41]} 25. c3 {[%clk 0:34:25]} Kh8 {[%clk 0:58:14]} 26. Rbe1
{[%clk 0:34:17]} Rxb2 {[%clk 0:57:46]} 27. Re2 {[%clk 0:32:51]} Qe4
{[%clk 0:54:15]} 28. Kh2 {[%clk 0:32:29]} Rxe2 {[%clk 0:51:27]} 29. Nxe2
{[%clk 0:32:58]} Rb8 {[%clk 0:47:51]} 30. Ng3 {[%clk 0:32:54]} Qd5
{[%clk 0:42:23]} 31. Nh5 {[%clk 0:30:35]} Qe5+ {[%clk 0:36:43]} 32. Bf4
{[%clk 0:31:02]} Qxc3 {[%clk 0:36:03]} 33. Bd2 {[%clk 0:28:53]} Qe5+
{[%clk 0:34:17]} 34. Kg1 {[%clk 0:27:19]} Qd5 {[%clk 0:21:38]} 35. Qh2
{[%clk 0:15:00]} Rb2 {[%clk 0:20:49]} 36. Rf2 {[%clk 0:12:04]} Rb1+
{[%clk 0:17:17]} 37. Rf1 {[%clk 0:11:58]} Rxf1+ {[%clk 0:16:54]} 38. Kxf1
{[%clk 0:12:25]} Qh1+ {[%clk 0:15:58]} 0-1

[Event "Wolrd Chess Olympiad 2018"]
[Site "Batumi"]
[Date "2018.10.05"]
[Round "11"]
[Board "2"]
[WhiteFideId "14317176"]
[White "Khalema Sechaba"]
[BlackFideId "22400117"]
[Black "Taleka Jed Selu"]
[Result "1-0"]
[LiveChessVersion "1.4.8"]
[BlackElo "1723"]
[WhiteElo "1779"]

1. d4 {[%clk 1:30:15]} d5 {[%clk 1:30:33]} 2. c4 {[%clk 1:30:38]} Nf6
{[%clk 1:30:43]} 3. cxd5 {[%clk 1:31:03]} Nxd5 {[%clk 1:30:40]} 4. e4
{[%clk 1:31:28]} Nf6 {[%clk 1:30:52]} 5. Nc3 {[%clk 1:31:53]} c6 {[%clk 1:31:00]}
6. Bc4 {[%clk 1:32:15]} e6 {[%clk 1:30:41]} 7. f3 {[%clk 1:32:15]} Bb4
{[%clk 1:30:58]} 8. Nge2 {[%clk 1:32:41]} b5 {[%clk 1:24:59]} 9. Bb3
{[%clk 1:33:05]} a5 {[%clk 1:23:56]} 10. a4 {[%clk 1:33:28]} Bd7 {[%clk 1:22:02]}
11. O-O {[%clk 1:33:49]} Bxc3 {[%clk 1:21:31]} 12. bxc3 {[%clk 1:34:14]} Na6
{[%clk 1:19:05]} 13. Be3 {[%clk 1:33:38]} O-O {[%clk 1:18:10]} 14. Qd3
{[%clk 1:33:44]} bxa4 {[%clk 1:12:14]} 15. Bc2 {[%clk 1:34:06]} e5
{[%clk 1:11:20]} 16. dxe5 {[%clk 1:34:24]} Ne8 {[%clk 1:06:48]} 17. Rfd1
{[%clk 1:34:48]} Nb8 {[%clk 1:03:41]} 18. e6 {[%clk 1:20:11]} fxe6
{[%clk 1:03:48]} 19. e5 {[%clk 1:20:30]} Qh4 {[%clk 1:03:00]} 20. Rxa4
{[%clk 1:20:51]} Qh5 {[%clk 1:02:18]} 21. Nf4 {[%clk 1:21:04]} Qf5
{[%clk 1:00:05]} 22. Qxf5 {[%clk 1:19:07]} exf5 {[%clk 1:00:23]} 23. Bc5
{[%clk 1:19:20]} Nc7 {[%clk 0:57:11]} 24. Bb3+ {[%clk 1:19:15]} Nd5
{[%clk 0:53:36]} 25. Rad4 {[%clk 1:19:26]} g5 {[%clk 0:53:32]} 26. Nxd5
{[%clk 1:19:50]} Be6 {[%clk 0:52:39]} 27. Bxf8 {[%clk 1:19:34]} Kxf8
{[%clk 0:52:54]} 28. c4 {[%clk 1:13:33]} a4 {[%clk 0:52:17]} 29. Ba2
{[%clk 1:13:32]} Nd7 {[%clk 0:52:28]} 30. Nc7 {[%clk 1:13:55]} 1-0

[Event "Wolrd Chess Olympiad 2018"]
[Site "Batumi"]
[Date "2018.10.05"]
[Round "11"]
[Board "3"]
[WhiteFideId "22400010"]
[White "Dube Rene"]
[BlackFideId "14317265"]
[Black "Mohatlane Liteboho"]
[Result "1-0"]
[LiveChessVersion "1.4.8"]
[BlackElo "1655"]
[WhiteElo "1743"]

1. e4 {[%clk 1:30:29]} e5 {[%clk 1:29:00]} 2. Nf3 {[%clk 1:30:46]} Nc6
{[%clk 1:28:57]} 3. d4 {[%clk 1:30:40]} exd4 {[%clk 1:29:19]} 4. Bc4
{[%clk 1:30:54]} Nf6 {[%clk 1:29:41]} 5. e5 {[%clk 1:30:38]} d5 {[%clk 1:30:03]}
6. Bb5 {[%clk 1:25:25]} Ne4 {[%clk 1:29:59]} 7. Nxd4 {[%clk 1:23:55]} Bd7
{[%clk 1:29:53]} 8. Nxc6 {[%clk 1:21:48]} bxc6 {[%clk 1:27:13]} 9. Bd3
{[%clk 1:21:23]} Bc5 {[%clk 1:19:21]} 10. Bxe4 {[%clk 1:17:58]} dxe4
{[%clk 1:19:42]} 11. O-O {[%clk 1:17:48]} Qh4 {[%clk 1:16:58]} 12. Nc3
{[%clk 1:15:15]} Bg4 {[%clk 1:11:35]} 13. Qe1 {[%clk 1:13:54]} Bf5
{[%clk 1:10:53]} 14. Be3 {[%clk 1:05:07]} Bb6 {[%clk 1:10:43]} 15. Na4
{[%clk 1:00:32]} O-O {[%clk 1:07:26]} 16. Qc3 {[%clk 0:58:10]} Qe7
{[%clk 1:04:29]} 17. Bc5 {[%clk 0:53:50]} Bxc5 {[%clk 1:04:37]} 18. Nxc5
{[%clk 0:46:36]} Rfe8 {[%clk 1:03:53]} 19. e6 {[%clk 0:42:22]} Bxe6
{[%clk 1:02:00]} 20. Nxe4 {[%clk 0:39:33]} Bd5 {[%clk 1:02:17]} 21. Ng3
{[%clk 0:38:51]} Qg5 {[%clk 1:02:31]} 22. Rfe1 {[%clk 0:28:19]} h5
{[%clk 1:02:12]} 23. h4 {[%clk 0:27:22]} Qxh4 {[%clk 1:01:38]} 24. Qxg7+
{[%clk 0:27:36]} Kxg7 {[%clk 1:01:52]} 25. Nf5+ {[%clk 0:27:56]} Kg6
{[%clk 1:00:48]} 26. Nxh4+ {[%clk 0:27:52]} Kg5 {[%clk 1:01:06]} 27. g3
{[%clk 0:27:56]} f5 {[%clk 0:56:45]} 28. f4+ {[%clk 0:26:52]} Kf6
{[%clk 0:48:59]} 29. Kf2 {[%clk 0:23:37]} Re4 {[%clk 0:48:51]} 30. Rxe4
{[%clk 0:23:28]} Bxe4 {[%clk 0:48:59]} 31. c4 {[%clk 0:23:29]} Rd8
{[%clk 0:49:11]} 32. Re1 {[%clk 0:22:09]} Rd2+ {[%clk 0:47:33]} 33. Re2
{[%clk 0:22:14]} Rd1 {[%clk 0:47:03]} 34. b3 {[%clk 0:20:55]} Ke6
{[%clk 0:41:18]} 35. Nf3 {[%clk 0:19:08]} Kd6 {[%clk 0:40:58]} 36. Rd2+
{[%clk 0:12:57]} Rxd2+ {[%clk 0:41:14]} 37. Nxd2 {[%clk 0:13:14]} Bc2
{[%clk 0:40:57]} 38. b4 {[%clk 0:12:17]} c5 {[%clk 0:39:27]} 39. a3
{[%clk 0:11:10]} a6 {[%clk 0:38:55]} 40. Ke3 {[%clk 0:41:14]} cxb4
{[%clk 1:09:00]} 41. axb4 {[%clk 0:39:55]} c5 {[%clk 1:09:22]} 42. b5
{[%clk 0:36:12]} axb5 {[%clk 0:52:02]} 43. cxb5 {[%clk 0:36:30]} Kc7
{[%clk 0:52:02]} 44. Nc4 {[%clk 0:36:39]} Bb3 {[%clk 0:51:44]} 45. b6+
{[%clk 0:36:34]} Kd7 {[%clk 0:49:14]} 46. Kd3 {[%clk 0:34:35]} Ba4
{[%clk 0:48:38]} 47. Na5 {[%clk 0:33:17]} Bb5+ {[%clk 0:48:18]} 48. Kc3
{[%clk 0:33:06]} Kc8 {[%clk 0:43:28]} 49. Nb3 {[%clk 0:31:08]} Kb7
{[%clk 0:43:08]} 50. Nxc5+ {[%clk 0:31:02]} Kxb6 {[%clk 0:43:29]} 51. Ne6
{[%clk 0:30:46]} Be2 {[%clk 0:42:49]} 52. Kd4 {[%clk 0:30:38]} Kc6
{[%clk 0:42:42]} 53. Ke5 {[%clk 0:30:46]} Bg4 {[%clk 0:40:13]} 54. Ng7
{[%clk 0:31:02]} Kc5 {[%clk 0:40:26]} 55. Nxf5 {[%clk 0:31:16]} Kc6
{[%clk 0:39:49]} 56. Nh6 {[%clk 0:28:56]} Be2 {[%clk 0:40:12]} 57. f5
{[%clk 0:28:24]} Kd7 {[%clk 0:40:30]} 58. Kf6 {[%clk 0:28:31]} Kd6
{[%clk 0:39:03]} 59. Kg5 {[%clk 0:22:27]} Ke5 {[%clk 0:39:13]} 60. f6
{[%clk 0:21:23]} Bc4 {[%clk 0:39:21]} 61. f7 {[%clk 0:21:15]} Bxf7
{[%clk 0:39:26]} 62. Nxf7+ {[%clk 0:21:28]} Ke4 {[%clk 0:39:47]} 63. Kxh5
{[%clk 0:21:31]} Kf5 {[%clk 0:40:06]} 64. g4+ {[%clk 0:21:40]} Kf6
{[%clk 0:40:28]} 65. Nd6 {[%clk 0:20:35]} Kg7 {[%clk 0:40:52]} 66. g5
{[%clk 0:20:14]} Kh7 {[%clk 0:41:11]} 67. g6+ {[%clk 0:18:53]} Kg7
{[%clk 0:41:05]} 68. Nf5+ {[%clk 0:19:09]} Kg8 {[%clk 0:40:34]} 69. Kh6
{[%clk 0:19:09]} Kh8 {[%clk 0:40:49]} 70. g7+ {[%clk 0:19:10]} Kg8
{[%clk 0:41:13]} 71. Ne7+ 1-0

[Event "Wolrd Chess Olympiad 2018"]
[Site "Batumi"]
[Date "2018.10.05"]
[Round "11"]
[Board "1"]
[WhiteFideId "21400113"]
[White "Mimbasa Kutesa Willy"]
[BlackFideId "21100039"]
[Black "Bah Ebrima"]
[Result "0-1"]
[LiveChessVersion "1.4.8"]
[BlackElo "2066"]
[WhiteElo "1760"]

1. e4 {[%clk 1:30:38]} e5 {[%clk 1:30:15]} 2. Bc4 {[%clk 1:30:34]} Bc5
{[%clk 1:29:08]} 3. Nf3 {[%clk 1:30:39]} Qe7 {[%clk 1:28:45]} 4. O-O
{[%clk 1:30:08]} d6 {[%clk 1:29:13]} 5. c3 {[%clk 1:29:31]} Bb6 {[%clk 1:29:04]}
6. d4 {[%clk 1:28:55]} Nf6 {[%clk 1:28:20]} 7. Bg5 {[%clk 1:28:40]} Bg4
{[%clk 1:27:19]} 8. a4 {[%clk 1:28:15]} a6 {[%clk 1:23:28]} 9. dxe5
{[%clk 1:26:29]} dxe5 {[%clk 1:23:34]} 10. Nbd2 {[%clk 1:26:47]} O-O
{[%clk 1:22:31]} 11. Qb3 {[%clk 1:26:58]} Nc6 {[%clk 1:22:44]} 12. Bd5
{[%clk 1:26:42]} h6 {[%clk 1:16:51]} 13. Bh4 {[%clk 1:26:52]} Rab8
{[%clk 1:12:34]} 14. Qc2 {[%clk 1:26:30]} g5 {[%clk 1:08:20]} 15. Bg3
{[%clk 1:26:10]} Nh5 {[%clk 1:08:45]} 16. b4 {[%clk 1:22:53]} Rbd8
{[%clk 1:06:55]} 17. b5 {[%clk 1:22:37]} Nxg3 {[%clk 1:06:08]} 18. hxg3
{[%clk 1:22:35]} Na5 {[%clk 1:06:21]} 19. Nc4 Nxc4 {[%clk 1:04:59]} 20. Bxc4
{[%clk 1:18:09]} axb5 {[%clk 1:04:53]} 21. axb5 {[%clk 1:18:22]} Qc5
{[%clk 1:04:25]} 22. Qb3 {[%clk 1:14:39]} Kg7 {[%clk 1:03:51]} 23. Bd5
{[%clk 1:12:42]} Rd6 {[%clk 1:03:19]} 24. Nxe5 {[%clk 1:11:39]} Be2
{[%clk 1:03:04]} 25. Nc4 {[%clk 1:05:38]} Bxf1 {[%clk 1:02:47]} 26. Rxf1
{[%clk 1:05:35]} Rf6 {[%clk 1:02:05]} 27. Nxb6 {[%clk 1:05:01]} Rxb6
{[%clk 1:01:56]} 28. Bc4 {[%clk 1:03:24]} c6 {[%clk 1:01:52]} 29. Kh2
{[%clk 1:02:56]} cxb5 {[%clk 1:00:57]} 30. Bd5 {[%clk 1:03:04]} Rf6
{[%clk 0:57:39]} 31. Qb2 {[%clk 1:01:51]} b6 {[%clk 0:57:32]} 32. f4
{[%clk 1:00:36]} gxf4 {[%clk 0:56:23]} 33. gxf4 {[%clk 1:00:16]} Qe3 34. c4 bxc4
{[%clk 0:53:31]} 35. Qe5 {[%clk 0:59:09]} b5 {[%clk 0:51:50]} 36. Rf3
{[%clk 0:59:21]} Qb6 {[%clk 0:51:47]} 37. Qc3 {[%clk 0:55:03]} Kg8
{[%clk 0:49:12]} 38. f5 {[%clk 0:54:44]} Rc8 {[%clk 0:45:58]} 39. e5
{[%clk 0:54:32]} b4 {[%clk 0:44:57]} 40. Qe1 {[%clk 0:54:15]} Kh7
{[%clk 0:43:59]} 41. exf6 {[%clk 1:23:39]} Qxf6 42. Qxb4 Qe5+ {[%clk 1:10:34]}
43. Rg3 {[%clk 1:22:43]} Qxd5 {[%clk 1:10:09]} 44. f6 {[%clk 1:20:30]} Qh5+
{[%clk 1:08:13]} 45. Kg1 Qc5+ 46. Qxc5 {[%clk 1:17:49]} Rxc5 {[%clk 1:08:34]} 47.
Rc3 {[%clk 1:10:32]} Kg6 {[%clk 1:08:56]} 48. Kf2 {[%clk 1:10:23]} Kxf6
{[%clk 1:08:19]} 49. Ke2 {[%clk 1:10:13]} Ke5 {[%clk 1:08:34]} 50. Rh3
{[%clk 1:10:29]} c3 {[%clk 1:07:13]} 51. Kd1 {[%clk 1:09:51]} c2+
{[%clk 1:06:32]} 52. Kc1 {[%clk 1:10:04]} Rc6 {[%clk 1:06:35]} 53. Rh4
{[%clk 1:09:40]} Kf5 {[%clk 1:06:16]} 54. g3 {[%clk 1:09:32]} Kg5
{[%clk 1:06:22]} 55. Rd4 f5 56. Rb4 {[%clk 1:08:48]} h5 {[%clk 1:06:37]} 57. Rd4
Rc3 58. Rb4 Rxg3 59. Kxc2 {[%clk 1:06:23]} h4 {[%clk 1:06:47]} 60. Rb1
{[%clk 1:05:50]} h3 {[%clk 1:06:56]} 61. Kd2 {[%clk 1:05:53]} Rg2+
{[%clk 1:06:26]} 62. Ke3 {[%clk 1:06:06]} h2 {[%clk 1:06:26]} 63. Rh1
{[%clk 1:04:38]} Kg4 {[%clk 1:06:50]} 64. Rf1 {[%clk 1:02:22]} Rg1
{[%clk 1:07:07]} 65. Rf4+ {[%clk 1:02:15]} Kg5 {[%clk 1:07:20]} 0-1

[Event "Wolrd Chess Olympiad 2018"]
[Site "Batumi"]
[Date "2018.10.05"]
[Round "11"]
[Board "2"]
[WhiteFideId "21100306"]
[White "Garber Ousainou"]
[BlackFideId "21400067"]
[Black "Esungi Guy Botetsi"]
[Result "1-0"]
[LiveChessVersion "1.4.8"]
[BlackElo "1495"]
[WhiteElo "1701"]

1. e4 {[%clk 1:30:57]} e5 {[%clk 1:27:37]} 2. Nf3 {[%clk 1:31:25]} d6
{[%clk 1:26:37]} 3. d4 {[%clk 1:31:35]} exd4 {[%clk 1:25:11]} 4. Nxd4
{[%clk 1:31:49]} Bd7 {[%clk 1:23:53]} 5. Bc4 {[%clk 1:31:43]} Nc6
{[%clk 1:22:32]} 6. O-O {[%clk 1:30:10]} Be7 {[%clk 1:21:31]} 7. Nxc6
{[%clk 1:29:32]} Bxc6 {[%clk 1:21:34]} 8. Re1 Nf6 {[%clk 1:20:24]} 9. Nc3
{[%clk 1:29:14]} O-O {[%clk 1:20:14]} 10. a4 {[%clk 1:27:26]} Qd7
{[%clk 1:18:59]} 11. b4 {[%clk 1:26:59]} Qg4 {[%clk 1:17:58]} 12. f3
{[%clk 1:26:31]} Qg6 {[%clk 1:17:05]} 13. Bd3 {[%clk 1:26:43]} Nh5
{[%clk 1:12:05]} 14. e5 {[%clk 1:25:24]} Qe6 {[%clk 1:10:13]} 15. b5
{[%clk 1:25:14]} Bd5 {[%clk 1:01:40]} 16. exd6 {[%clk 1:25:00]} Qxd6
{[%clk 1:00:02]} 17. Ba3 {[%clk 1:23:34]} Qb6+ {[%clk 0:56:09]} 18. Kh1
{[%clk 1:22:33]} Bxa3 {[%clk 0:51:53]} 19. Nxd5 {[%clk 1:22:35]} Qc5
{[%clk 0:47:55]} 20. Re5 {[%clk 1:22:09]} Ng3+ {[%clk 0:42:04]} 21. hxg3
{[%clk 1:21:37]} Qd6 {[%clk 0:40:58]} 22. Rh5 {[%clk 1:20:37]} g6
{[%clk 0:38:55]} 23. Rh3 {[%clk 1:19:01]} Bb2 {[%clk 0:38:25]} 24. Rb1
{[%clk 1:18:53]} Bd4 {[%clk 0:36:48]} 25. Bc4 {[%clk 1:18:44]} Bc5
{[%clk 0:35:06]} 26. Qd2 {[%clk 1:18:33]} Qe5 {[%clk 0:32:39]} 27. Qh6
{[%clk 1:17:57]} Qg7 {[%clk 0:32:35]} 28. Nf6+ {[%clk 1:17:57]} Kh8
{[%clk 0:31:48]} 29. Qxh7+ {[%clk 1:18:12]} 1-0